000 00273nam a2200109Ia 4500
008 220204s9999 xx 000 0 und d
082 _a065
_bDRU
100 _aDrucker, Peter F
245 0 _aChanging world of the executive
260 _aNew Delhi
_bAllied
_c1983
942 _cBK
999 _c37778
_d37778